| 000 -LEADER |
| fixed length control field |
00722cam a2200217 a 4500 |
| 001 - CONTROL NUMBER |
| control field |
21234 |
| 003 - CONTROL NUMBER IDENTIFIER |
| control field |
BD-DhUAP |
| 005 - DATE AND TIME OF LATEST TRANSACTION |
| control field |
20210123102842.0 |
| 008 - FIXED-LENGTH DATA ELEMENTS--GENERAL INFORMATION |
| fixed length control field |
201102s2017 bg abf b f000 0 eng |
| 020 ## - INTERNATIONAL STANDARD BOOK NUMBER |
| International Standard Book Number |
9789843409784 |
| 040 ## - CATALOGING SOURCE |
| Original cataloging agency |
BD-DhUAP |
| Transcribing agency |
BD-DhUAP |
| Modifying agency |
BD-DhUAP |
| Language of cataloging |
Eng |
| 082 ## - DEWEY DECIMAL CLASSIFICATION NUMBER |
| Classification number |
349.5492 NEW |
| Edition number |
23 |
| 245 ## - TITLE STATEMENT |
| Title |
New dimensions of law : |
| Remainder of title |
analysis of selected laws of Bangladesh / |
| Statement of responsibility, etc. |
edited by Abdullah Al Faruque and M. Jashim Ali Chowdhury. |
| 260 ## - PUBLICATION, DISTRIBUTION, ETC. |
| Place of publication, distribution, etc. |
Dhaka : |
| Name of publisher, distributor, etc. |
HEQEP, |
| Date of publication, distribution, etc. |
c2017. |
| 300 ## - PHYSICAL DESCRIPTION |
| Extent |
188 pages : |
| Other physical details |
illustrations ; |
| Dimensions |
22 cm. |
| 650 ## - SUBJECT ADDED ENTRY--TOPICAL TERM |
| Topical term or geographic name entry element |
Law |
| Geographic subdivision |
Bangladesh. |
| 700 ## - ADDED ENTRY--PERSONAL NAME |
| Personal name |
Faruque, Abdullah Al. |
| 700 ## - ADDED ENTRY--PERSONAL NAME |
| Personal name |
Chowdhury, M. Jashim Ali. |
| 710 ## - ADDED ENTRY--CORPORATE NAME |
| Corporate name or jurisdiction name as entry element |
Higher Education Quality Enhancement Project. |
| 942 ## - ADDED ENTRY ELEMENTS (KOHA) |
| Source of classification or shelving scheme |
|
| Koha item type |
Book |